| 000 | 00613nam a2200181 i 4500 | ||
|---|---|---|---|
| 001 | 69719 | ||
| 003 | ES-MaACL | ||
| 005 | 20230906170606.0 | ||
| 007 | t| | ||
| 008 | 040709s1971 sp f |||| | spa d | ||
| 100 | 1 |
_aGarcía Gea, Miguel. _954679 |
|
| 245 | 1 | 0 |
_aMultiplicador electrónico analógico de cuatro cuadrantes a generación trigonométrica / _cpor Miguel García Gea. |
| 260 |
_aSevilla : _bUniversidad de Sevilla, _c1971. |
||
| 300 |
_a76 p., 8 lám. ; _c24 cm. |
||
| 650 | 4 |
_aOrdenadores analógicos electrónicos. _9168587 |
|
| 710 | 2 |
_aUniversidad de Sevilla. _97301 |
|
| 852 |
_aES-MaACL _jC-37615 |
||
| 999 |
_c69719 _d69719 |
||